00246nam a2200097Ia 4500008004100000100000900041245004300050260003100093942000700124999001700131190216s9999||||xx |||||||||||||| ||und|| aNull 0aHindi-Prathibashali Shathromka Sikshan bTata Mcgrawhill Publishers cBK c18165d18165